[Event "Foxwoods op 16th"]
[Site "Ledyard"]
[Date "2024.03.31"]
[Round "8"]
[White "Times, Lawyer"]
[Black "Aadit, Bhatia"]
[Result "1/2-1/2"]
[WhiteElo "1998"]
[BlackElo "2185"]
[PlyCount "98"]
[EventDate "2024.03.27"]
[EventType "swiss"]
[EventRounds "9"]
[EventCountry "USA"]
[SourceTitle "CB14_2024"]
[SourceDate "2024.04.01"]
[SourceVersion "1"]
[SourceVersionDate "2024.04.01"]
[SourceQuality "1"]

1. d4 Nf6 2. Nf3 g6 3. g3 Bg7 4. Bg2 0-0 5. 0-0 d6 6. c4 Nc6 7. Nc3 a6 8. Qd3 e5 9. d5 Nb4 10. Qd2 a5 11. e4 Bd7 12. h3 Na6 13. Ne1 Nc5 14. Nd3 b6 15. Nxc5 bxc5 16. a4 Kh8 17. Nb5 Ng8 18. Qe1 Bh6 19. Bxh6 Nxh6 20. Qe3 Kg7 21. f4 exf4 22. gxf4 Re8 23. Qc3+ f6 24. Rfe1 Nf7 25. h4 h6 26. Re3 g5 27. hxg5 hxg5 28. fxg5 Nxg5 29. Rg3 Re5 30. Rf1 Kf7 31. Nxc7 Rb8 32. Nb5 Ke7 33. b3 Qh8 34. Rf4 Rg8 35. Qe1 Qh6 36. Qf2 Nxe4 37. Rxe4 Qc1+ 38. Kh2 Rh8+ 39. Bh3 Qh6 40. Rxe5+ fxe5 41. Qe3 Qf6 42. Nc7 Kd8 43. Nb5 Ke7 44. Kg2 Bxh3+ 45. Rxh3 Qg6+ 46. Qg3 Qc2+ 47. Kh1 Qd1+ 48. Kh2 Qd2+ 49. Qg2 Qf4+ 1/2-1/2

[Event "Titled Tuesday intern op 12th Mar Early"]
[Site "Chess.com INT"]
[Date "2024.03.12"]
[Round "2"]
[White "Aadit, Bhatia"]
[Black "Rohwer, Paul"]
[Result "1-0"]
[WhiteElo "2185"]
[BlackElo "2225"]
[PlyCount "147"]
[EventDate "2024.03.12"]
[EventType "swiss (blitz)"]
[EventRounds "11"]
[EventCountry "USA"]
[SourceTitle "CB12_2024"]
[SourceDate "2023.10.01"]
[SourceVersion "1"]
[SourceVersionDate "2023.10.01"]
[SourceQuality "1"]

1. g3 d5 2. Bg2 Nf6 3. b3 c5 4. Bb2 Nc6 5. e3 e5 6. f4 exf4 7. gxf4 Ne4 8. Nf3 Bg4 9. 0-0 f6 10. Qe1 Be7 11. d3 Nd6 12. Nc3 Nb4 13. Qf2 Be6 14. a3 Nc6 15. Rae1 0-0 16. Nh4 f5 17. Nf3 Bf6 18. Qd2 Bf7 19. Kh1 Re8 20. Nd1 d4 21. b4 dxe3 22. Rxe3 Rxe3 23. Bxf6 Qxf6 24. Nxe3 cxb4 25. axb4 Re8 26. c3 Rd8 27. b5 Na5 28. Ne5 Ne4 29. Qe1 Nc5 30. d4 Ne4 31. c4 b6 32. c5 Rxd4 33. c6 Nc4 34. N3xc4 Bxc4 35. Nxc4 Rxc4 36. Qb1 Qc3 37. Qa2 Kf8 38. Qxa7 Qd3 39. Qb8+ Kf7 40. c7 Qd7 41. Qxb6 Qxc7 42. Qe3 Rc3 43. Qd4 Rc4 44. Qe3 Qc5 45. Qxc5 Rxc5 46. Bxe4 fxe4 47. Rb1 Ke7 48. Kg2 Kd7 49. Kf2 Kc7 50. Ke3 Kb6 51. Kxe4 Rc2 52. h4 Re2+ 53. Kf5 Rh2 54. Rg1 Rxh4 55. Rxg7 Kxb5 56. Ke5 Kc6 57. f5 Rh1 58. f6 Re1+ 59. Kf5 h5 60. f7 Rf1+ 61. Ke6 Re1+ 62. Kf6 Rf1+ 63. Ke7 Re1+ 64. Kd8 Rd1+ 65. Kc8 Rf1 66. Kd8 Rd1+ 67. Kc8 Rf1 68. Rh7 Rf5 69. Kd8 Kd6 70. Ke8 Re5+ 71. Kf8 Rf5 72. Kg8 Rg5+ 73. Rg7 Rxg7+ 74. Kxg7 1-0

[Event "Titled Tuesday intern op 16th Jan Early"]
[Site "Chess.com INT"]
[Date "2024.01.16"]
[Round "4"]
[White "Aadit, Bhatia"]
[Black "Rustemov, Alexander"]
[Result "0-1"]
[WhiteElo "2169"]
[BlackElo "2525"]
[PlyCount "132"]
[EventDate "2024.01.16"]
[EventType "swiss (blitz)"]
[EventRounds "11"]
[EventCountry "USA"]
[SourceTitle "CB04_2024"]
[SourceDate "2023.10.16"]
[SourceVersion "1"]
[SourceVersionDate "2023.10.16"]
[SourceQuality "1"]

1. e4 e6 2. d4 d5 3. Nc3 dxe4 4. Nxe4 Bd7 5. Nf3 Bc6 6. Bd3 Nd7 7. 0-0 Ngf6 8. Nxf6+ Qxf6 9. c3 Bxf3 10. Qxf3 Qxf3 11. gxf3 Bd6 12. Kg2 Nf6 13. f4 g6 14. Kf3 c6 15. Be3 Kd7 16. a4 a5 17. Bc2 Kc7 18. Rfb1 Rhd8 19. h3 Nd5 20. Rg1 Be7 21. Rge1 Bf6 22. Rg1 Rd7 23. Be4 Rad8 24. Rgc1 Nb6 25. b4 axb4 26. a5 Nd5 27. cxb4 Nxb4 28. a6 b6 29. a7 Ra8 30. Ra4 Nd5 31. Bd3 Kd6 32. Rca1 Rb7 33. Bc1 Kc7 34. Be3 b5 35. Ra6 Rb6 36. R6a2 b4 37. Bc4 Kb7 38. Ba6+ Kc7 39. Bc4 Bd8 40. Ke2 Kd7 41. Kd3 Rb7 42. Ra6 Bb6 43. Bd2 Rbxa7 44. Rxa7+ Rxa7 45. Rxa7+ Bxa7 46. Bxd5 exd5 47. Bxb4 Ke6 48. Ke3 Kf5 49. Bd6 Bb6 50. Be5 Ba5 51. Kf3 Bd2 52. Bd6 Bc1 53. Bc7 h5 54. Bd6 f6 55. Bb8 Bb2 56. Ba7 Bc3 57. Bc5 Ba5 58. Ba7 Bc7 59. Bc5 Bxf4 60. Be7 g5 61. Bc5 g4+ 62. hxg4+ hxg4+ 63. Ke2 Ke4 64. Bb6 f5 65. Bc5 Bg5 66. Bb6 Bf6 0-1

[Event "Titled Tuesday intern op 09th Jan Early"]
[Site "Chess.com INT"]
[Date "2024.01.09"]
[Round "3"]
[White "Aadit, Bhatia"]
[Black "Cardozo Munar, Carlos Eduardo"]
[Result "1-0"]
[WhiteElo "2169"]
[BlackElo "2043"]
[PlyCount "57"]
[EventDate "2024.01.09"]
[EventType "swiss (blitz)"]
[EventRounds "11"]
[EventCountry "USA"]
[SourceTitle "CB03_2024"]
[SourceDate "2024.01.17"]
[SourceVersion "1"]
[SourceVersionDate "2024.01.17"]
[SourceQuality "1"]

1. e4 e6 2. d4 d5 3. Nc3 Nf6 4. e5 Nfd7 5. f4 c5 6. Nf3 Nc6 7. Be3 Qb6 8. Qd2 Qxb2 9. Rb1 Qa3 10. Be2 a6 11. 0-0 cxd4 12. Nxd4 Bb4 13. Rb3 Qa5 14. a3 Bxc3 15. Rxc3 0-0 16. Nxc6 bxc6 17. Rxc6 Qxa3 18. Bd3 g6 19. Rc7 Rb8 20. g4 Rb7 21. Rc6 Rb6 22. Rxb6 Nxb6 23. Bxb6 Bb7 24. Bd4 a5 25. Ra1 Qe7 26. Qxa5 Qh4 27. Be2 h5 28. Bf2 Qh3 29. Ra3 1-0

[Event "Titled Tuesday intern op 09th Jan Early"]
[Site "Chess.com INT"]
[Date "2024.01.09"]
[Round "5"]
[White "Antunez, Soler Luis"]
[Black "Aadit, Bhatia"]
[Result "0-1"]
[WhiteElo "2200"]
[BlackElo "2169"]
[PlyCount "52"]
[EventDate "2024.01.09"]
[EventType "swiss (blitz)"]
[EventRounds "11"]
[EventCountry "USA"]
[SourceTitle "CB03_2024"]
[SourceDate "2024.01.17"]
[SourceVersion "1"]
[SourceVersionDate "2024.01.17"]
[SourceQuality "1"]

1. e4 e5 2. Nf3 Nc6 3. Bc4 Nf6 4. d3 Bc5 5. c3 d6 6. Bb3 a5 7. a4 h6 8. Qe2 0-0 9. Nbd2 Ne7 10. Nf1 Ng6 11. Be3 Nf4 12. Bxf4 exf4 13. Qd2 d5 14. e5 Nh5 15. d4 Be7 16. Bd1 f6 17. Nh4 fxe5 18. Ng6 Rf5 19. Nxe5 c5 20. Bg4 Rxe5+ 21. dxe5 Bxg4 22. f3 Bf5 23. g4 fxg3 24. hxg3 Bg6 25. 0-0-0 d4 26. b3 Qd5 0-1

[Event "Fort Lauderdale 1000 GM IM 11"]
[Site "Fort Lauderdale"]
[Date "2023.11.06"]
[Round "8.5"]
[White "Aadit, Bhatia"]
[Black "Cruz Mendez, Jean Marcos"]
[Result "1/2-1/2"]
[WhiteElo "2080"]
[BlackElo "2279"]
[PlyCount "147"]
[EventDate "2023.11.02"]
[EventType "tourn"]
[EventRounds "9"]
[EventCountry "USA"]
[SourceTitle "CB46_2023"]
[SourceDate "2023.11.15"]
[SourceVersion "1"]
[SourceVersionDate "2023.11.15"]
[SourceQuality "1"]

1. d4 Nf6 2. c4 e6 3. g3 d5 4. Bg2 Be7 5. Nf3 0-0 6. 0-0 c6 7. Qc2 b6 8. Bf4 Bb7 9. Rc1 Nbd7 10. cxd5 cxd5 11. Bc7 Qe8 12. Qa4 Ne5 13. Qd1 Nxf3+ 14. Bxf3 Qd7 15. Be5 Rfc8 16. Nc3 Rc4 17. Rc2 Rac8 18. Bxf6 Bxf6 19. e3 a6 20. Rd2 b5 21. Be2 R4c7 22. Qb3 Be7 23. a3 g6 24. Na2 Qd6 25. a4 b4 26. a5 Kg7 27. Bd3 h5 28. Qd1 h4 29. f4 hxg3 30. hxg3 Rh8 31. Nc1 Rcc8 32. Bf1 Qd8 33. Nd3 Qg8 34. Rc1 Qh7 35. Rg2 Bc6 36. Nf2 Bd7 37. Bxa6 Ra8 38. Qe2 Bd8 39. Rc5 Qh5 40. Qf1 Qf3 41. Nd1 Qxf1+ 42. Bxf1 Ba4 43. Nf2 Bxa5 44. Nd3 Rhc8 45. g4 Rxc5 46. Nxc5 Bd1 47. f5 Bb6 48. Nd7 Bc7 49. fxe6 fxe6 50. g5 Bd6 51. Rd2 Ra1 52. Kf2 Rc1 53. Bd3 b3 54. Nc5 e5 55. Be2 Bc2 56. Nd3 Rb1 57. dxe5 Be7 58. Nf4 Rxb2 59. Nxd5 Bxg5 60. Bc4 Rb1 61. Nc3 Rc1 62. Rd7+ Kf8 63. Rf7+ Ke8 64. Rb7 Bd3 65. Bxd3 Rxc3 66. Bxg6+ Kd8 67. Bf5 Bxe3+ 68. Kf3 Bc5+ 69. Ke4 Ba3 70. Kd5 b2 71. Rb8+ Ke7 72. Rb7+ Kd8 73. Rb8+ Ke7 74. Rb7+ 1/2-1/2

[Event "Fort Lauderdale 1000 GM IM 11"]
[Site "Fort Lauderdale"]
[Date "2023.11.05"]
[Round "7"]
[White "Aadit, Bhatia"]
[Black "Arvind, C Jayaraman"]
[Result "1-0"]
[WhiteElo "2080"]
[BlackElo "2108"]
[PlyCount "57"]
[EventDate "2023.11.02"]
[EventType "tourn"]
[EventRounds "9"]
[EventCountry "USA"]
[SourceTitle "CB46_2023"]
[SourceDate "2023.11.15"]
[SourceVersion "1"]
[SourceVersionDate "2023.11.15"]
[SourceQuality "1"]

1. d4 Nf6 2. c4 e6 3. Nf3 d5 4. g3 Bb4+ 5. Bd2 a5 6. Qc2 0-0 7. Bg2 Be7 8. 0-0 c6 9. Bf4 Nbd7 10. Nc3 dxc4 11. Rad1 Nd5 12. Ne5 Nxe5 13. dxe5 Qc7 14. Ne4 b5 15. b3 cxb3 16. axb3 Ba6 17. Nd6 Ra7 18. Qc5 b4 19. Bf3 Rfa8 20. Ra1 Nxf4 21. gxf4 Bb5 22. Rac1 Qd8 23. Rfd1 Rd7 24. Bxc6 Bxc6 25. Qxc6 Rb8 26. Rd3 Rb6 27. Qxd7 Qxd7 28. Nf5 Qb7 29. Rc8+ 1-0

[Event "Fort Lauderdale 1000 GM IM 11"]
[Site "Fort Lauderdale"]
[Date "2023.11.04"]
[Round "5"]
[White "Aadit, Bhatia"]
[Black "Michelle, Catherina P"]
[Result "1-0"]
[WhiteElo "2080"]
[BlackElo "2178"]
[PlyCount "153"]
[EventDate "2023.11.02"]
[EventType "tourn"]
[EventRounds "9"]
[EventCountry "USA"]
[SourceTitle "CB46_2023"]
[SourceDate "2023.11.15"]
[SourceVersion "1"]
[SourceVersionDate "2023.11.15"]
[SourceQuality "1"]

1. d4 Nf6 2. c4 e6 3. Nf3 d5 4. g3 dxc4 5. Bg2 a6 6. 0-0 Nc6 7. e3 Rb8 8. Qe2 b5 9. b3 cxb3 10. axb3 Bb7 11. Bb2 Be7 12. Rc1 Nb4 13. Nbd2 0-0 14. Ne5 Bxg2 15. Kxg2 Rb6 16. Kg1 Nd7 17. Nd3 Nxd3 18. Qxd3 Nf6 19. Qc2 Bb4 20. Nf3 Qd5 21. Ne5 Rc8 22. Bc3 Bxc3 23. Qxc3 Ne4 24. Qa5 Qb7 25. Nd7 Rc6 26. Nc5 Nxc5 27. dxc5 e5 28. Qd2 Rf6 29. Rc2 Qc6 30. Rd1 h6 31. Qc3 Qe4 32. Rcd2 b4 33. Qb2 h5 34. Rd5 Re8 35. Qe2 h4 36. Rd8 Rxd8 37. Rxd8+ Kh7 38. Qd3 Qxd3 39. Rxd3 hxg3 40. hxg3 Rc6 41. Rd5 f6 42. Kf1 Kg6 43. Ke2 e4 44. g4 a5 45. f3 exf3+ 46. Kxf3 Kf7 47. Ke4 Ke7 48. Kd4 Re6 49. Rh5 Re5 50. Rh1 Rg5 51. Ra1 Rxg4+ 52. Kd5 Kd7 53. e4 Rg3 54. Rxa5 Rxb3 55. c6+ Ke7 56. Ra7 Rd3+ 57. Kc4 Rc3+ 58. Kd5 Rd3+ 59. Kc4 Rc3+ 60. Kd5 b3 61. Rxc7+ Kf8 62. Rb7 g5 63. c7 b2 64. Kd6 Rd3+ 65. Ke6 Rc3 66. Kd7 Rd3+ 67. Kc8 Rd2 68. Kb8 Rc2 69. c8Q+ Rxc8+ 70. Kxc8 Ke8 71. Rxb2 Ke7 72. Rf2 Ke6 73. Rf5 g4 74. Rf4 g3 75. Rg4 Ke5 76. Kd7 g2 77. Ke7 1-0

[Event "Titled Tuesday intern op 19th Sep Early"]
[Site "Chess.com INT"]
[Date "2023.09.19"]
[Round "3"]
[White "Aadit, Bhatia"]
[Black "Haug, Havard"]
[Result "1/2-1/2"]
[WhiteElo "2051"]
[BlackElo "2199"]
[PlyCount "170"]
[EventDate "2023.09.19"]
[EventType "swiss (blitz)"]
[EventRounds "11"]
[EventCountry "USA"]
[SourceTitle "EXT 2024"]
[Source "ChessBase"]
[SourceDate "2023.10.10"]
[SourceVersion "1"]
[SourceVersionDate "2023.10.10"]
[SourceQuality "1"]

1. d4 Nf6 2. c4 e5 3. dxe5 Ne4 4. Nf3 b6 5. Nbd2 Bb7 6. Qc2 Nxd2 7. Bxd2 Nc6 8. e3 g6 9. Bc3 Bg7 10. e6 0-0 11. exf7+ Rxf7 12. Be2 d6 13. 0-0 Qe7 14. Rad1 Raf8 15. b3 Ne5 16. Nxe5 Bxe5 17. Bxe5 Qxe5 18. Rd4 Kg7 19. Rd2 Qg5 20. g3 Qe7 21. Qc3+ Kg8 22. f4 Re8 23. Bf3 Be4 24. Bxe4 Qxe4 25. Re1 Rfe7 26. Qd3 Qf3 27. Rf2 Qc6 28. Rfe2 Qe4 29. Qxe4 Rxe4 30. Kf2 Kf7 31. Rd1 R4e6 32. Kf3 h5 33. e4 Kf6 34. h3 Rh8 35. Rd5 Rhe8 36. g4 hxg4+ 37. hxg4 Rh8 38. e5+ dxe5 39. Rexe5 Rxe5 40. Rxe5 Rh3+ 41. Ke4 Rh2 42. Rd5 Re2+ 43. Kf3 Rxa2 44. Rd7 c5 45. g5+ Ke6 46. Rg7 Rb2 47. Ke4 Re2+ 48. Kf3 Rb2 49. Rxg6+ Ke7 50. Rg7+ Ke6 51. Ke4 Rxb3 52. Rxa7 Rb4 53. f5+ Kd6 54. f6 Rxc4+ 55. Kf5 Rc1 56. f7 Rf1+ 57. Kg6 c4 58. Kg7 c3 59. Ra2 b5 60. g6 b4 61. f8Q+ Rxf8 62. Kxf8 b3 63. Ra1 b2 64. Rd1+ Kc7 65. g7 c2 66. Rf1 c1Q 67. Rxc1+ bxc1Q 68. g8Q Kd6 69. Qg3+ Kd7 70. Qg7+ Kd6 71. Qe7+ Kd5 72. Qd7+ Ke4 73. Qh7+ Kf3 74. Qh5+ Kf2 75. Qh2+ Kf3 76. Qh5+ Kf2 77. Qf5+ Ke1 78. Qe4+ Kd2 79. Qf4+ Kc2 80. Qc4+ Kb1 81. Qb3+ Qb2 82. Qd1+ Ka2 83. Qa4+ Kb1 84. Qd1+ Qc1 85. Qxc1+ Kxc1 1/2-1/2

[Event "Titled Tuesday intern op 19th Sep Early"]
[Site "Chess.com INT"]
[Date "2023.09.19"]
[Round "4"]
[White "Bhagat, Kush"]
[Black "Aadit, Bhatia"]
[Result "1-0"]
[WhiteElo "2209"]
[BlackElo "2051"]
[PlyCount "55"]
[EventDate "2023.09.19"]
[EventType "swiss (blitz)"]
[EventRounds "11"]
[EventCountry "USA"]
[SourceTitle "EXT 2024"]
[Source "ChessBase"]
[SourceDate "2023.10.10"]
[SourceVersion "1"]
[SourceVersionDate "2023.10.10"]
[SourceQuality "1"]

1. d4 Nf6 2. Bf4 d5 3. e3 e6 4. Nf3 Be7 5. Bd3 0-0 6. c3 b6 7. Nbd2 Ba6 8. Bxa6 Nxa6 9. 0-0 Qc8 10. Ne5 Qb7 11. Bg3 c5 12. f4 Nc7 13. Bh4 Nb5 14. f5 Nd6 15. Bxf6 Bxf6 16. Ng4 Bg5 17. f6 g6 18. h4 Bxh4 19. Nh6+ Kh8 20. Qg4 Bxf6 21. Rxf6 Kg7 22. Raf1 Qa6 23. Qf4 Nf5 24. Nxf5+ exf5 25. Rxf5 Qd3 26. Rxf7+ Rxf7 27. Qxf7+ Kh6 28. Rf3 1-0

[Event "Sunnyvale Silicon Valley Fall op"]
[Site "Sunnyvale"]
[Date "2023.09.03"]
[Round "7"]
[White "Aadit, Bhatia"]
[Black "Penagalapati, Abhinav"]
[Result "1-0"]
[WhiteElo "2051"]
[BlackElo "2133"]
[PlyCount "61"]
[EventDate "2023.08.31"]
[EventType "swiss"]
[EventRounds "9"]
[EventCountry "USA"]
[SourceTitle "EXT 2024"]
[Source "ChessBase"]
[SourceDate "2023.10.10"]
[SourceVersion "1"]
[SourceVersionDate "2023.10.10"]
[SourceQuality "1"]

1. d4 d5 2. c4 c6 3. cxd5 cxd5 4. Nc3 Nf6 5. Bf4 Nc6 6. e3 a6 7. Rc1 e6 8. Bd3 Bd6 9. Bxd6 Qxd6 10. f4 b5 11. Nf3 Bb7 12. 0-0 0-0 13. Ne5 Ne7 14. Rf2 Ne4 15. Rfc2 f6 16. Nf3 Qb6 17. Qe1 Rae8 18. g3 Nf5 19. Nd1 e5 20. dxe5 d4 21. Qb4 fxe5 22. Nxe5 Ng5 23. Bc4+ Kh8 24. fxg5 Nxe3 25. Rf2 Rxf2 26. Nxf2 Nxc4 27. Rxc4 a5 28. Qc5 Qe6 29. Rxd4 Rc8 30. Qxc8+ Qxc8 31. Rd8+ 1-0

[Event "Titled Tuesday intern op 29th Aug Early"]
[Site "Chess.com INT"]
[Date "2023.08.29"]
[Round "1"]
[White "Aadit, Bhatia"]
[Black "Esipenko, Andrey"]
[Result "0-1"]
[WhiteElo "2064"]
[BlackElo "2683"]
[PlyCount "90"]
[EventDate "2023.08.29"]
[EventType "swiss (blitz)"]
[EventRounds "11"]
[EventCountry "USA"]
[SourceTitle "EXT 2024"]
[Source "ChessBase"]
[SourceDate "2023.10.10"]
[SourceVersion "1"]
[SourceVersionDate "2023.10.10"]
[SourceQuality "1"]

1. d4 d5 2. c4 e6 3. Nf3 a6 4. cxd5 exd5 5. Nc3 Nf6 6. Bf4 c5 7. e3 Nc6 8. dxc5 Bxc5 9. Be2 h6 10. 0-0 0-0 11. Rc1 Ba7 12. Ne5 Re8 13. Nxc6 bxc6 14. Na4 Bd7 15. Bd6 Ne4 16. Ba3 Qg5 17. Nc5 Bh3 18. Bf3 Bxc5 19. Bxc5 Re6 20. Kh1 Bf5 21. Bd4 Rae8 22. Qa4 Nd2 23. Rg1 Be4 24. Qd1 Nc4 25. Bxe4 Rxe4 26. b3 Nd6 27. Rxc6 Nf5 28. Bb2 Qh4 29. g3 Qd8 30. Qd3 d4 31. Rc5 Qa8 32. Rg2 Nxe3 33. f3 R4e7 34. Qxd4 f6 35. Rf2 Rd8 36. Qxe3 Rxe3 37. Kg2 Rdd3 38. Rc7 Rxf3 39. Rxg7+ Kxg7 40. Rxf3 Qxf3+ 41. Kh3 Rd2 42. Bxf6+ Kg6 43. Kh4 Qf1 44. h3 Rh2 45. g4 Qxh3# 0-1

[Event "Titled Tuesday intern op 29th Aug Early"]
[Site "Chess.com INT"]
[Date "2023.08.29"]
[Round "3"]
[White "Aadit, Bhatia"]
[Black "Kovalenko, Igor"]
[Result "0-1"]
[WhiteElo "2064"]
[BlackElo "2674"]
[PlyCount "76"]
[EventDate "2023.08.29"]
[EventType "swiss (blitz)"]
[EventRounds "11"]
[EventCountry "USA"]
[SourceTitle "EXT 2024"]
[Source "ChessBase"]
[SourceDate "2023.10.10"]
[SourceVersion "1"]
[SourceVersionDate "2023.10.10"]
[SourceQuality "1"]

1. d4 Nf6 2. c4 e6 3. Nf3 b6 4. g3 Bb7 5. Bg2 d5 6. 0-0 dxc4 7. Qa4+ Nbd7 8. Qxc4 Be7 9. Rd1 0-0 10. Bg5 h6 11. Bf4 Rc8 12. Nc3 a6 13. a4 c5 14. dxc5 Bxc5 15. Qb3 Qe7 16. Ne5 Nxe5 17. Bxe5 Bxf2+ 18. Kf1 Ng4 19. e4 Bc5 20. Bf4 Nxh2+ 21. Ke2 g5 22. Rh1 Ng4 23. Bf3 gxf4 24. Bxg4 Qg5 25. Bxe6 f3+ 26. Kd3 fxe6 27. Qxe6+ Kg7 28. Rh4 Rcd8+ 29. Kc2 Rf6 30. Qh3 Rd2+ 31. Kb3 Rg6 32. Rf4 f2 33. Rf1 Qe7 34. Qh5 Qe6+ 35. Nd5 Bxd5+ 36. exd5 Qe3+ 37. Ka2 Qa3+ 38. Kb1 Qxb2# 0-1

[Event "Titled Tuesday intern op 29th Aug Early"]
[Site "Chess.com INT"]
[Date "2023.08.29"]
[Round "2"]
[White "Skaric, Djuro"]
[Black "Aadit, Bhatia"]
[Result "0-1"]
[WhiteElo "2334"]
[BlackElo "2064"]
[PlyCount "96"]
[EventDate "2023.08.29"]
[EventType "swiss (blitz)"]
[EventRounds "11"]
[EventCountry "USA"]
[SourceTitle "EXT 2024"]
[Source "ChessBase"]
[SourceDate "2023.10.10"]
[SourceVersion "1"]
[SourceVersionDate "2023.10.10"]
[SourceQuality "1"]

1. g3 Nf6 2. Bg2 d5 3. d3 Nc6 4. Nf3 e5 5. 0-0 h6 6. h3 Bc5 7. Nc3 0-0 8. e4 Re8 9. g4 dxe4 10. dxe4 Nd4 11. Be3 Nxf3+ 12. Qxf3 Bxe3 13. Qxe3 Qe7 14. a3 c6 15. Rfd1 Be6 16. Rd2 Nd7 17. Rad1 b6 18. f4 exf4 19. Qxf4 Qc5+ 20. Kh2 Qe5 21. Kg3 g5 22. Qxe5 Nxe5 23. b3 Kf8 24. Kf2 Ke7 25. Ke3 Rad8 26. Bf3 Rxd2 27. Rxd2 Rd8 28. Be2 Rxd2 29. Kxd2 Kd6 30. Ke3 Ng6 31. Bf1 Ke5 32. Ne2 Nf4 33. Nd4 Bd7 34. b4 f6 35. c4 c5 36. Nb3 Kd6 37. bxc5+ bxc5 38. Nd2 Ng6 39. Nb1 Ne5 40. Nc3 Be6 41. Nb5+ Kc6 42. Nxa7+ Kb6 43. Nb5 Bxc4 44. Nd6 Bxf1 45. Ne8 Bxh3 46. Kf2 Bxg4 47. Nxf6 Be6 48. Kg3 c4 0-1

[Event "Titled Tuesday intern op 08th Aug Late"]
[Site "Chess.com INT"]
[Date "2023.08.08"]
[Round "2"]
[White "Aadit, Bhatia"]
[Black "Prohaszka, Peter"]
[Result "0-1"]
[WhiteElo "2064"]
[BlackElo "2581"]
[PlyCount "92"]
[EventDate "2023.08.08"]
[EventType "swiss (blitz)"]
[EventRounds "11"]
[EventCountry "USA"]
[SourceTitle "EXT 2024"]
[Source "ChessBase"]
[SourceDate "2023.10.10"]
[SourceVersion "1"]
[SourceVersionDate "2023.10.10"]
[SourceQuality "1"]

1. d4 d5 2. c4 e6 3. g3 Nf6 4. Bg2 Be7 5. Nf3 0-0 6. 0-0 c6 7. Qc2 b6 8. Nbd2 Bb7 9. e4 Na6 10. a3 Rc8 11. Rd1 c5 12. exd5 exd5 13. dxc5 Nxc5 14. b4 Ne6 15. Bb2 dxc4 16. Rac1 Nd5 17. Ne4 Qe8 18. Qe2 b5 19. Ne5 Ba8 20. f4 f6 21. Bh3 Nexf4 22. gxf4 Nxf4 23. Qg4 Nxh3+ 24. Qxh3 Bxe4 25. Qe6+ Kh8 26. Nd7 Qg6+ 27. Kf1 Qg2+ 28. Ke1 Rfe8 29. Rd2 Qg1+ 30. Ke2 Qxh2+ 31. Ke1 Qh1+ 32. Ke2 Qf3+ 33. Ke1 Bd3 34. Rf2 Bd6 35. Rxf3 Rxe6+ 36. Kd1 Rce8 37. Nc5 Re1+ 38. Kd2 R1e2+ 39. Kd1 Bxc5 40. Rxd3 cxd3 41. Rxc5 Rxb2 42. Rxb5 d2 43. Rd5 h5 44. Rxh5+ Kg8 45. Rh1 Rb1+ 46. Kxd2 Rxh1 0-1

[Event "Titled Tuesday intern op 08th Aug Late"]
[Site "Chess.com INT"]
[Date "2023.08.08"]
[Round "3"]
[White "Gasparyan, Davit"]
[Black "Aadit, Bhatia"]
[Result "1-0"]
[WhiteElo "2157"]
[BlackElo "2064"]
[PlyCount "159"]
[EventDate "2023.08.08"]
[EventType "swiss (blitz)"]
[EventRounds "11"]
[EventCountry "USA"]
[SourceTitle "EXT 2024"]
[Source "ChessBase"]
[SourceDate "2023.10.10"]
[SourceVersion "1"]
[SourceVersionDate "2023.10.10"]
[SourceQuality "1"]

1. e4 e5 2. Nf3 Nc6 3. c3 d5 4. d3 dxe4 5. dxe4 Qxd1+ 6. Kxd1 Bg4 7. Nbd2 0-0-0 8. Kc2 Bc5 9. Bb5 Nge7 10. Ng5 Bh5 11. f3 h6 12. Nh3 Bg6 13. b4 Bb6 14. a4 a5 15. Ba3 axb4 16. Bxb4 Nxb4+ 17. cxb4 f5 18. Rhe1 fxe4 19. Nxe4 Nd5 20. Kb3 Ne3 21. a5 Ba7 22. Re2 c6 23. Ba4 Rd3+ 24. Ka2 Bf7+ 25. Kb1 Rhd8 26. Nhf2 R3d4 27. Rxe3 Rxb4+ 28. Rb3 Bxb3 29. Bxb3 Bxf2 30. Nxf2 Rxb3+ 31. Kc2 Rb5 32. Ne4 Kc7 33. a6 bxa6 34. Rxa6 Kb7 35. Ra4 Rbd5 36. Rb4+ Kc7 37. Ra4 Rb8 38. Rc4 Rb7 39. Rc3 Rdb5 40. Kd3 Rb2 41. Nc5 R7b5 42. Ne6+ Kd6 43. Nxg7 Rxg2 44. Nf5+ Ke6 45. Nxh6 Rxh2 46. Ng4 Rd5+ 47. Ke3 Kd6 48. Nxh2 c5 49. Ng4 Rd4 50. Nf6 Rf4 51. Ne4+ Ke6 52. Rxc5 Rf8 53. Rc6+ Kf5 54. Ng3+ Kg5 55. Re6 Kh4 56. Ne4 Rf5 57. Rf6 Rh5 58. Rg6 Rf5 59. Nf2 Kh5 60. Rg4 Rf8 61. Ke4 Rf7 62. Nd3 Rf8 63. Nxe5 Re8 64. Rf4 Re7 65. Rf5+ Kh4 66. f4 Re8 67. Rg5 Kh3 68. Rg7 Kh4 69. f5 Kh5 70. f6 Kh6 71. Rg3 Rf8 72. f7 Kh7 73. Kf5 Rxf7+ 74. Ke6 Rg7 75. Rh3+ Kg8 76. Kf6 Rh7 77. Rb3 Rh6+ 78. Ng6 Kh7 79. Rb7+ Kg8 80. Rg7# 1-0

[Event "Titled Tuesday intern op 18th Jul Late"]
[Site "Chess.com INT"]
[Date "2023.07.18"]
[Round "2"]
[White "Aadit, Bhatia"]
[Black "Zavgorodniy, Sergiy"]
[Result "1-0"]
[WhiteElo "2065"]
[BlackElo "2416"]
[PlyCount "117"]
[EventDate "2023.07.18"]
[EventType "swiss (blitz)"]
[EventRounds "11"]
[EventCountry "USA"]
[SourceTitle "EXT 2024"]
[Source "ChessBase"]
[SourceDate "2023.10.10"]
[SourceVersion "1"]
[SourceVersionDate "2023.10.10"]
[SourceQuality "1"]

1. d4 d5 2. c4 dxc4 3. e3 Nf6 4. Bxc4 e6 5. Nf3 a6 6. a4 c5 7. 0-0 Nc6 8. Nc3 cxd4 9. exd4 Nb4 10. Bg5 Be7 11. Re1 0-0 12. Rc1 Nfd5 13. Bd2 b6 14. Ne5 Bb7 15. Qg4 Rc8 16. Bh6 Bf6 17. Ne4 Kh8 18. Bg5 Bxg5 19. Nxg5 Qe7 20. Qh5 Nf6 21. Nexf7+ Kg8 22. Qh3 Rxc4 23. Rxc4 Rxf7 24. Rxe6 Qf8 25. Nxf7 Qxf7 26. Rxb4 Bc8 27. Rbxb6 Bxe6 28. Qxe6 Qxe6 29. Rxe6 a5 30. Ra6 Kf7 31. Rxa5 Ne4 32. Ra7+ Kf6 33. f3 Nd6 34. Ra6 Ke7 35. Rxd6 Kxd6 36. b4 Kd5 37. Kf2 Kxd4 38. a5 Kd5 39. a6 Kc6 40. b5+ Kb6 41. Ke3 g6 42. Kd4 h6 43. Ke5 g5 44. Kf5 Kxb5 45. a7 g4 46. a8Q g3 47. hxg3 h5 48. Qe4 h4 49. Qxh4 Kc5 50. Qe4 Kd6 51. g4 Kd7 52. g5 Kd6 53. g6 Kc5 54. g7 Kd6 55. g8Q Kc7 56. Qge6 Kd8 57. Q4d5+ Kc7 58. Qec6+ Kb8 59. Qb7# 1-0

[Event "Sunnyvale Summer op"]
[Site "Sunnyvale"]
[Date "2023.07.01"]
[Round "2"]
[White "Wen, Kally"]
[Black "Aadit, Bhatia"]
[Result "1/2-1/2"]
[WhiteElo "1762"]
[BlackElo "2065"]
[PlyCount "131"]
[EventDate "2023.07.01"]
[EventType "swiss"]
[EventRounds "7"]
[EventCountry "USA"]
[SourceTitle "EXT 2024"]
[Source "ChessBase"]
[SourceDate "2023.10.10"]
[SourceVersion "1"]
[SourceVersionDate "2023.10.10"]
[SourceQuality "1"]

1. d4 d5 2. c4 e6 3. Nc3 c6 4. cxd5 exd5 5. Qc2 Nf6 6. Bg5 Nbd7 7. e3 h6 8. Bh4 g5 9. Bg3 Nh5 10. Bd3 Nxg3 11. hxg3 Nb6 12. Nf3 Be6 13. Ne5 Qe7 14. 0-0-0 0-0-0 15. Kb1 Kb8 16. Na4 Bc8 17. Nc5 Bg7 18. Nf3 h5 19. Nd2 h4 20. gxh4 gxh4 21. Ndb3 Nd7 22. Nxd7+ Qxd7 23. Nc5 Qc7 24. Bf5 Bf6 25. Rh3 Rdg8 26. Bxc8 Qxc8 27. Rh2 Bd8 28. Rdh1 Qg4 29. Qb3 Bb6 30. Nd3 Bc7 31. Nc5 Bb6 32. Nd3 Rh5 33. Ne5 Qg7 34. Nf3 Rgh8 35. Qc2 Qg4 36. Ne5 Qe6 37. Nf3 Qf6 38. Ne5 Kc8 39. Rh3 Qg7 40. g3 Bc7 41. Nf3 Qg4 42. Nxh4 Bd8 43. Qd1 Qe4+ 44. Qc2 Qe6 45. R3h2 Qg4 46. Qd1 Qe4+ 47. Qc2 Qg4 48. Qd1 Qg7 49. Qc2 Qg4 50. Qd1 Qg7 51. Nf5 Rxh2 52. Rxh2 Qf6 53. Rxh8 Qxh8 54. Nd6+ Kc7 55. Nf5 Qh3 56. g4 Qg2 57. f4 Kb8 58. Nd6 Bc7 59. Nf5 Ba5 60. a3 Bb6 61. Ka2 Qe4 62. Qd2 c5 63. Nd6 Qe6 64. Nf5 Qe4 65. Nd6 Qe6 66. Nf5 1/2-1/2